<?xml version='1.0' encoding='UTF-8'?><?xml-stylesheet href='static/style.xsl' type='text/xsl'?><OAI-PMH xmlns="http://www.openarchives.org/OAI/2.0/" xmlns:xsi="http://www.w3.org/2001/XMLSchema-instance" xsi:schemaLocation="http://www.openarchives.org/OAI/2.0/ http://www.openarchives.org/OAI/2.0/OAI-PMH.xsd"><responseDate>2026-05-01T10:26:23Z</responseDate><request verb="GetRecord" identifier="oai:ebiltegia.mondragon.edu:20.500.11984/5103" metadataPrefix="marc">https://ebiltegia.mondragon.edu/oai/request</request><GetRecord><record><header><identifier>oai:ebiltegia.mondragon.edu:20.500.11984/5103</identifier><datestamp>2024-01-04T21:57:04Z</datestamp><setSpec>com_20.500.11984_1736</setSpec><setSpec>com_20.500.11984_1627</setSpec><setSpec>col_20.500.11984_1972</setSpec></header><metadata><record xmlns="http://www.loc.gov/MARC21/slim" xmlns:dcterms="http://purl.org/dc/terms/" xmlns:xsi="http://www.w3.org/2001/XMLSchema-instance" xmlns:doc="http://www.lyncode.com/xoai" xsi:schemaLocation="http://www.loc.gov/MARC21/slim http://www.loc.gov/standards/marcxml/schema/MARC21slim.xsd">
   <leader>00925njm 22002777a 4500</leader>
   <datafield ind2=" " ind1=" " tag="042">
      <subfield code="a">dc</subfield>
   </datafield>
   <datafield ind2=" " ind1=" " tag="720">
      <subfield code="a">Mondragon Unibertsitatea</subfield>
      <subfield code="e">author</subfield>
   </datafield>
   <datafield ind2=" " ind1=" " tag="260">
      <subfield code="c">2017-11-30</subfield>
   </datafield>
   <datafield ind2=" " ind1=" " tag="520">
      <subfield code="a">Biharko Euskalmetek elurte-arriskuagatik alarma laranjazko egoera aurreikusi duenez, eta EAEn 200 eta 400 metro bitarteko elur-kota eta 10 cm-tik gorako prezipitazio-lodiera espero direnez, Mondragon Unibertsitateak bertan behera utzi ditu bihar -ostirala, abenduak 1- Aretxabaleta, Eskoriatza, Arrasate eta Oñatiko campusetako goizeko txandako aurrez aurreko eskola guztiak.</subfield>
   </datafield>
   <datafield ind2=" " ind1=" " tag="520">
      <subfield code="a">Dado que para mañana viernes, Euskalmet prevé un situación de alarma naranja por riesgo de nieve y/o hay una previsión de cota de nieve entre 200 y 400 metros con más de 10 cm de espesor de precipitación en la CAPV, Mondragon Unibertsitatea suspende todas las clases presenciales del turno de mañana de mañana, día 1 de diciembre, en los campus de Eskoriatza, Aretxabaleta, Mondragon y Oñati.</subfield>
   </datafield>
   <datafield ind1="8" ind2=" " tag="024">
      <subfield code="a">https://hdl.handle.net/20.500.11984/5103</subfield>
   </datafield>
   <datafield tag="653" ind2=" " ind1=" ">
      <subfield code="a">Enpresagintza Fakultatea</subfield>
   </datafield>
   <datafield tag="653" ind2=" " ind1=" ">
      <subfield code="a">Facultad de Empresariales</subfield>
   </datafield>
   <datafield ind2="0" ind1="0" tag="245">
      <subfield code="a">Bihar, abenduak 1, klaseak bertan behera gelditzen dira Oñatiko campusean.</subfield>
   </datafield>
   <datafield ind2="0" ind1="0" tag="245">
      <subfield code="a">Mañana, día 1 de diciembre, se suspenden las clases presenciales en el turno de mañana en el campus de Oñati.</subfield>
   </datafield>
</record></metadata></record></GetRecord></OAI-PMH>